[Event "4NCL/Div1/MMNWE1 vs. WGR2"]
[Site "West Bromwich ENG"]
[Date "2004.05.03"]
[Round "9.5"]
[White "Quillan, Gary"]
[Black "Levitt, Jonathan P"]
[Result "1-0"]
[WhiteElo "2308"]
[BlackElo "2425"]
[PlyCount "85"]
[EventDate "2004.05.03"]

1. e4 e6 2. d4 d5 3. Nc3 Bb4 4. Nge2 dxe4 5. a3 Bxc3+ 6. Nxc3 Nc6 7. Be3 Nf6 8.
Qd2 Ne7 9. Bg5 Ned5 10. O-O-O h6 11. Bxf6 Nxf6 12. Bc4 a6 13. Rhe1 b5 14. Bb3
Bb7 15. Qf4 O-O 16. Qh4 Qd6 17. f3 exf3 18. gxf3 Nd5 19. Bxd5 exd5 20. Ne2 Qd8
21. Qf2 Re8 22. Ng3 Qh4 23. f4 Kf8 24. Rg1 Bc8 25. f5 c6 26. Kb1 Ra7 27. Qd2
Qg5 28. Qb4+ Qe7 29. Qc3 Qd6 30. Qf3 f6 31. Qg4 Qd7 32. Rdf1 Qf7 33. Qh3 Qe7
34. Qg4 Qf7 35. Qf3 Qe7 36. h4 Kg8 37. Nh5 Qf8 38. Rg6 Kh7 39. Rfg1 Ree7 40.
Qg4 Rf7 41. Qf4 Rae7 42. Ka2 Rc7 43. Nxg7 1-0

[Event "4NCL/Div1/MMNWE1 vs. WGR2"]
[Site "West Bromwich ENG"]
[Date "2004.05.03"]
[Round "9.6"]
[White "Law, Andrew P"]
[Black "Crouch, Colin S"]
[Result "1-0"]
[WhiteElo "2310"]
[BlackElo "2375"]
[PlyCount "41"]
[EventDate "2004.05.03"]

1. Nf3 Nf6 2. c4 b6 3. d4 Bb7 4. e3 g6 5. Nc3 d5 6. cxd5 Nxd5 7. Bb5+ c6 8. Bd3
Bg7 9. O-O O-O 10. e4 Nxc3 11. bxc3 c5 12. Be3 Nd7 13. Rc1 Rc8 14. d5 c4 15.
Bb1 e6 16. dxe6 fxe6 17. Ng5 Qe7 18. Qg4 Rfe8 19. f4 Nf6 20. Qh3 e5 21. fxe5
1-0

[Event "4NCL/Div1/MMNWE1 vs. WGR2"]
[Site "West Bromwich ENG"]
[Date "2004.05.03"]
[Round "9.7"]
[White "Hague, Ben"]
[Black "Tan, Desmond"]
[Result "1/2-1/2"]
[WhiteElo "2227"]
[BlackElo "2332"]
[PlyCount "30"]
[EventDate "2004.05.03"]

1. e4 c5 2. d4 cxd4 3. c3 dxc3 4. Nxc3 Nc6 5. Nf3 d6 6. Bc4 a6 7. O-O e6 8. Qe2
b5 9. Bb3 Ra7 10. Be3 Rd7 11. Nxb5 axb5 12. Qxb5 Bb7 13. Ba4 Nge7 14. Nd4 e5
15. Nf5 Nxf5 1/2-1/2

[Event "4NCL/Div1/MMNWE1 vs. WGR2"]
[Site "West Bromwich ENG"]
[Date "2004.05.03"]
[Round "9.8"]
[White "Gilbert, Jessie"]
[Black "Charleshouse, Glenn L"]
[Result "0-1"]
[WhiteElo "2133"]
[BlackElo "2240"]
[PlyCount "136"]
[EventDate "2004.05.03"]

1. d4 Nf6 2. c4 e6 3. Nf3 Bb4+ 4. Bd2 Qe7 5. g3 Nc6 6. Bg2 Bxd2+ 7. Nbxd2 d6 8.
O-O O-O 9. e4 e5 10. d5 Nb8 11. Ne1 a5 12. Nd3 Na6 13. Qc2 Bd7 14. b3 c6 15.
dxc6 Bxc6 16. Rad1 b6 17. Rfe1 Qb7 18. f3 Nd7 19. Bh3 Rad8 20. Nb1 Ndc5 21. Nc3
Ne6 22. Nc1 Nd4 23. Qg2 f5 24. Rf1 Nc5 25. Nd5 fxe4 26. fxe4 Bxd5 27. cxd5 Qe7
28. Ne2 Nc2 29. Rf3 Qg5 30. Rdf1 Rxf3 31. Qxf3 Qe3+ 32. Qxe3 Nxe3 33. Rf3 Nc2
34. Nc3 Nd4 35. Rf2 b5 36. Bg2 b4 37. Ne2 Rf8 38. Rxf8+ Kxf8 39. Kf2 Nd3+ 40.
Ke3 Nxe2 41. Kxe2 Nc1+ 42. Kd2 Nxa2 43. Kd3 Ke7 44. Kc4 Nc3 45. Bf3 Kd7 46. Bg2
Kc7 47. Bh1 Kb6 48. Bf3 Nb5 49. Bg4 Na3+ 50. Kd3 Kc5 51. Bd7 Nb5 52. Bg4 Nd4
53. Bd1 Kb5 54. Kd2 a4 55. bxa4+ Ka5 56. Kd3 b3 57. Kc3 Kxa4 58. Kb2 Kb4 59.
Bg4 Kc4 60. Be6 h6 61. Bg8 Nf3 62. h4 Ne1 63. Be6 Nd3+ 64. Kb1 Kc3 65. Bg4 Nb2
66. Be2 Nc4 67. Bxc4 Kxc4 68. Kb2 h5 0-1

[Event "4NCL/Div1/GUI1 vs. AD1"]
[Site "West Bromwich ENG"]
[Date "2004.05.03"]
[Round "9.1"]
[White "Cherniaev, Alexander"]
[Black "Chandler, Murray G"]
[Result "1/2-1/2"]
[WhiteElo "2480"]
[BlackElo "2520"]
[PlyCount "29"]
[EventDate "2004.05.03"]

1. e4 c5 2. c3 d5 3. exd5 Qxd5 4. d4 Nf6 5. Nf3 Bg4 6. dxc5 Qxc5 7. Na3 a6 8.
h3 Bh5 9. Be3 Qc7 10. Nc4 Nbd7 11. g4 Bg6 12. g5 Nh5 13. Nh4 e6 14. Nxg6 hxg6
15. Qf3 1/2-1/2

[Event "4NCL/Div1/GUI1 vs. AD1"]
[Site "West Bromwich ENG"]
[Date "2004.05.03"]
[Round "9.2"]
[White "Hennigan, Michael T"]
[Black "Rowson, Jonathan"]
[Result "0-1"]
[WhiteElo "2444"]
[BlackElo "2547"]
[PlyCount "124"]
[EventDate "2004.05.03"]

1. g3 e5 2. Bg2 d5 3. d3 Be6 4. Nf3 f6 5. O-O Qd7 6. Nbd2 Nh6 7. c4 c6 8. e4
Nf7 9. d4 dxe4 10. Nxe4 Bxc4 11. Re1 Be7 12. Qc2 Bd5 13. dxe5 fxe5 14. Neg5
Bxf3 {(=)} 15. Nxf3 Qc7 16. Bh3 O-O 17. Bf5 h6 18. Be6 Bf6 19. Qg6 Re8 20. Bb3
Kf8 21. Be3 Na6 22. Nd2 b6 23. Ne4 Qe7 24. Bxf7 Qxf7 25. Qxf7+ Kxf7 26. Nd6+
Ke6 27. Nxe8 Rxe8 28. Rac1 Nb4 29. Red1 c5 30. a3 Nd5 31. b4 Be7 32. b5 Rf8 33.
Re1 Bf6 34. Kg2 Ra8 35. f4 e4 36. Rc4 Kf5 37. h3 Nxe3+ 38. Rxe3 Bd4 39. Re1 Ke6
40. g4 Kd5 41. Rc2 a6 42. a4 axb5 43. axb5 Ra5 44. Rb1 Ra3 45. Re2 c4 46. Rbe1
e3 47. Kf3 Rb3 48. Rd1 c3 49. Rc2 Kc4 50. Ke4 Bc5 51. Rd3 Kxb5 52. h4 Kc4 53.
g5 b5 54. f5 hxg5 55. hxg5 b4 56. Rd7 Rb2 57. Rc1 b3 58. Rxg7 c2 59. Rh7 Rb1
60. Rhh1 Rxc1 61. Rxc1 Kc3 62. g6 b2 0-1

[Event "4NCL/Div1/GUI1 vs. AD1"]
[Site "West Bromwich ENG"]
[Date "2004.05.03"]
[Round "9.3"]
[White "Gallagher, Joseph G"]
[Black "Lyell, Mark"]
[Result "1-0"]
[WhiteElo "2531"]
[BlackElo "2254"]
[PlyCount "75"]
[EventDate "2004.05.03"]

1. d4 f5 2. Nf3 Nf6 3. g3 g6 4. Bg2 Bg7 5. O-O O-O 6. c4 d6 7. Nc3 Qe8 8. Nd5
Nxd5 9. cxd5 c6 10. Qb3 cxd5 11. Qxd5+ Kh8 12. Be3 Nd7 13. Rac1 Nb6 14. Qa5 Be6
15. Ng5 Nc4 16. Qc3 Bg8 17. b3 Nxe3 18. Qxe3 Qd7 19. d5 Bf6 20. Ne6 Rfc8 21.
Rxc8 Rxc8 22. Qxa7 Rc2 23. e3 Bxe6 24. dxe6 Qxe6 25. Bxb7 Qe5 26. a4 Rb2 27. a5
Kg7 28. a6 Ra2 29. Qb6 Qc5 30. Qxc5 dxc5 31. Rc1 Be5 32. Rxc5 Bb8 33. b4 Ba7
34. Rc7 Kf6 35. b5 e6 36. Bc8 Bb8 37. Rc6 Ba7 38. b6 1-0

[Event "4NCL/Div1/GUI1 vs. AD1"]
[Site "West Bromwich ENG"]
[Date "2004.05.03"]
[Round "9.4"]
[White "Snape, Ian"]
[Black "Flear, Glenn C"]
[Result "0-1"]
[WhiteElo "2245"]
[BlackElo "2489"]
[PlyCount "114"]
[EventDate "2004.05.03"]

1. c4 b6 2. d4 Bb7 3. d5 e6 4. a3 f5 5. g3 Nf6 6. Nc3 Na6 7. Bg2 Bd6 8. Nh3 Be5
9. Qc2 Nc5 10. O-O O-O 11. Nf4 a5 12. Be3 g5 13. Nd3 Nxd3 14. Qxd3 Ng4 15. dxe6
Bxg2 16. Kxg2 dxe6 17. h3 Nxe3+ 18. Qxe3 Qf6 19. Rad1 Rad8 20. Rxd8 Rxd8 21.
Rd1 Rd4 22. Rxd4 Bxd4 23. Qd2 Kf7 24. e3 Bxc3 25. bxc3 Ke7 26. a4 Qe5 27. Kg1
Qe4 28. Qa2 Qd3 29. Qa3+ Ke8 30. Qb3 Qd7 31. Kf1 Qc6 32. Ke2 h5 33. Qb5 Kd7 34.
f4 g4 35. h4 Kd6 36. Qe5+ Ke7 37. Qg7+ Kd8 38. Qh8+ Kd7 39. Qxh5 Qxc4+ 40. Kd2
Qa2+ 41. Kc1 Qa1+ 42. Kd2 Qb2+ 43. Kd3 Qc1 44. Qf7+ Kd6 45. Qf8+ Kc6 46. Qe8+
Kb7 47. c4 Qd1+ 48. Kc3 Qe1+ 49. Kd3 Qxg3 50. h5 Qh3 51. Qg6 g3 52. h6 Qf1+ 53.
Kd2 Qf2+ 54. Kd3 g2 55. h7 g1=Q 56. Qxg1 Qxg1 57. h8=Q Qd1+ 0-1

[Event "4NCL/Div1/GUI1 vs. AD1"]
[Site "West Bromwich ENG"]
[Date "2004.05.03"]
[Round "9.5"]
[White "Plaskett, James"]
[Black "Cafferty, Bernard"]
[Result "1/2-1/2"]
[WhiteElo "2483"]
[BlackElo "2219"]
[PlyCount "53"]
[EventDate "2004.05.03"]

1. c4 Nf6 2. Nc3 c5 3. Nf3 Nc6 4. e3 e6 5. d4 d5 6. a3 Ne4 7. Qc2 Nxc3 8. Qxc3
Qa5 9. Bd2 Qxc3 10. Bxc3 cxd4 11. Nxd4 Bd7 12. cxd5 exd5 13. O-O-O Rc8 14. Kb1
f6 15. Be2 Ne5 16. Rc1 Bd6 17. Nb5 Bb8 18. Bd4 b6 19. Nc3 Rd8 20. Rhd1 O-O 21.
Bxe5 fxe5 22. Rxd5 Bf5+ 23. Ka1 Rxd5 24. Nxd5 Be6 25. Bf3 e4 26. Bxe4 Rxf2 27.
Nf4 1/2-1/2

[Event "4NCL/Div1/GUI1 vs. AD1"]
[Site "West Bromwich ENG"]
[Date "2004.05.03"]
[Round "9.6"]
[White "Wheeler, Darren P"]
[Black "King, Daniel J"]
[Result "1/2-1/2"]
[WhiteElo "2243"]
[BlackElo "2497"]
[PlyCount "119"]
[EventDate "2004.05.03"]

1. e4 c5 2. f4 g6 3. Nf3 Bg7 4. d3 d5 5. e5 Nc6 6. c3 Nh6 7. Na3 O-O 8. Be2 f6
9. d4 cxd4 10. cxd4 Bg4 11. Be3 Nf5 12. Bf2 Qa5+ 13. Qd2 Qxd2+ 14. Kxd2 e6 15.
Ng1 h5 16. Bxg4 hxg4 17. Ne2 g5 18. g3 Kf7 19. h3 gxh3 20. Rxh3 Rh8 21. Rah1
Rxh3 22. Rxh3 g4 23. Rh1 Rc8 24. Nc2 Kg6 25. Kd3 b5 26. b3 a5 27. Be1 b4 28.
Ne3 Nxe3 29. Kxe3 Ne7 30. Kd3 Nf5 31. Bd2 Bf8 32. Rc1 Rxc1 33. Bxc1 fxe5 34.
fxe5 Ne7 35. Nf4+ Kf7 36. Ng2 Nc6 37. Bf4 Kg6 38. Nh4+ Kh5 39. Ng2 Be7 40. Bd2
Kg6 41. Nf4+ {(=)} 41... Kf7 42. Ng2 Bd8 43. Ne1 Na7 44. Nc2 Nb5 45. Ne3 Bg5
46. Nf1 Kg6 47. Bxg5 Kxg5 48. Nd2 Kf5 49. Nb1 Kg5 50. Nd2 Kh5 51. Nb1 Kg6 52.
Nd2 Na7 53. Nf1 Nc6 54. Ne3 Kg5 55. Nc2 Ne7 56. Ne3 {(=)} 56... Nc8 57. Ng2 Kf5
58. Nh4+ Kg5 59. Ng2 Kf5 60. Nh4+ 1/2-1/2

[Event "4NCL/Div1/GUI1 vs. AD1"]
[Site "West Bromwich ENG"]
[Date "2004.05.03"]
[Round "9.7"]
[White "Gormally, Daniel W"]
[Black "Bellin, Jana"]
[Result "1-0"]
[WhiteElo "2471"]
[BlackElo "2209"]
[PlyCount "75"]
[EventDate "2004.05.03"]

1. d4 Nf6 2. Bg5 e6 3. Nf3 c5 4. c3 d5 5. Nbd2 Nbd7 6. e3 Be7 7. Bd3 b6 8. O-O
Bb7 9. Ne5 h6 10. Bf4 O-O 11. a4 a5 12. Bg3 Ne4 13. Bxe4 dxe4 14. Nxd7 Qxd7 15.
Nc4 Qd8 16. dxc5 Bxc5 17. Qb1 Bd5 18. Rd1 Qe7 19. b4 axb4 20. cxb4 Bxb4 21.
Nxb6 Bc3 22. Qb5 Ra5 23. Nxd5 exd5 24. Qb6 Rfa8 25. Rac1 Be5 26. Rc8+ Rxc8 27.
Qxa5 Bxg3 28. hxg3 Qa3 29. Rxd5 Qc1+ 30. Kh2 Qf1 31. Rd2 g6 32. Qe5 Qe1 33. Rb2
Qa1 34. a5 Kh7 35. Qf6 Rc7 36. a6 Qa5 37. g4 Qd5 38. Rb8 1-0

[Event "4NCL/Div1/GUI1 vs. AD1"]
[Site "West Bromwich ENG"]
[Date "2004.05.03"]
[Round "9.8"]
[White "Anderton, David W"]
[Black "Collas, Silvia"]
[Result "0-1"]
[WhiteElo "2256"]
[BlackElo "2331"]
[PlyCount "78"]
[EventDate "2004.05.03"]

1. d4 Nf6 2. c4 e6 3. Nc3 Bb4 4. Qc2 c5 5. dxc5 Bxc5 6. Nf3 Qb6 7. e3 Qc7 8. a3
b6 9. b4 Be7 10. Nb5 Qd8 11. Bb2 a6 12. Nbd4 Bb7 13. Bd3 d6 14. O-O Nbd7 15.
Rad1 e5 16. Ne6 fxe6 17. Bg6+ Kf8 18. Ng5 Qc8 19. Nxe6+ Kg8 20. Bf5 Qc6 21. f4
g6 22. Rf3 gxf5 23. Qxf5 Kf7 24. Ng5+ Ke8 25. Qe6 Rf8 26. Rg3 Nh5 27. Rg4 Ndf6
28. b5 Qc8 29. Rh4 Qxe6 30. Nxe6 Rg8 31. bxa6 Bxg2 32. Nc7+ Kd7 33. Nxa8 Bf3+
34. Kf1 Bxd1 35. fxe5 Rxa8 36. exf6 Bxf6 37. Bxf6 Nxf6 38. Rd4 Bh5 39. e4 Kc6
0-1

[Event "4NCL/Div1/3CS1 vs. BAR1"]
[Site "West Bromwich ENG"]
[Date "2004.05.03"]
[Round "9.1"]
[White "Davies, Nigel R"]
[Black "Parker, Jonathan"]
[Result "1/2-1/2"]
[WhiteElo "2512"]
[BlackElo "2541"]
[PlyCount "29"]
[EventDate "2004.05.03"]

1. Nf3 d5 2. c4 e6 3. g3 Nf6 4. Bg2 Be7 5. O-O O-O 6. d4 dxc4 7. Qc2 a6 8. Qxc4
b5 9. Qc2 Bb7 10. Bg5 Nbd7 11. Bxf6 Nxf6 12. Nbd2 Rc8 13. Nb3 c5 14. dxc5 a5
15. a4 1/2-1/2

[Event "4NCL/Div1/3CS1 vs. BAR1"]
[Site "West Bromwich ENG"]
[Date "2004.05.03"]
[Round "9.3"]
[White "Jonkman, Harmen"]
[Black "Palliser, Richard"]
[Result "1/2-1/2"]
[WhiteElo "2421"]
[BlackElo "2399"]
[PlyCount "140"]
[EventDate "2004.05.03"]

1. e4 c5 2. c3 Nf6 3. e5 Nd5 4. Nf3 e6 5. d4 cxd4 6. cxd4 d6 7. Bc4 Nc6 8. O-O
Be7 9. exd6 Qxd6 10. Nc3 O-O 11. Re1 Rd8 12. Bb3 a6 13. Qe2 b5 14. Bd2 Nf6 15.
Be3 Bb7 {(=)} 16. Rad1 Nb4 17. Ne5 Nbd5 18. Bc1 Rac8 19. Rd3 Nxc3 20. bxc3 Be4
21. Rg3 Bg6 22. Rxg6 fxg6 23. Nf7 Kxf7 24. Bf4 Qc6 25. Bxe6+ Kf8 26. Bxc8 Re8
27. Be6 Qxc3 28. d5 Qb4 29. Bd2 Qb2 30. Kf1 Bd6 31. Bg5 Qxe2+ 32. Rxe2 Re7 33.
Rc2 Rc7 34. Rxc7 Bxc7 35. Bd2 a5 36. Ke2 Ne4 37. Be1 b4 38. Ke3 Nd6 39. Kd2 Bb6
40. Kd3 g5 41. f3 Ke7 42. h4 Kf6 43. Bg3 Bc5 44. hxg5+ Kxg5 45. Be5 g6 46. f4+
Kh4 47. g3+ Kh5 48. Bd7 g5 49. f5 Kh6 50. g4 Nf7 51. Bc7 Kg7 52. Kc4 Bd6 53.
Bxd6 Nxd6+ 54. Kc5 Ne4+ 55. Kb6 Nf6 56. Bc6 a4 57. Bxa4 Nxd5+ 58. Kc5 Ne3 59.
Kxb4 Nxg4 60. Bc2 Nf6 61. a4 g4 62. Bd1 h5 63. a5 h4 64. a6 g3 65. Bf3 h3 66.
a7 g2 67. Bxg2 {(=)} 67... hxg2 68. a8=Q g1=Q 69. Qb7+ Kh6 70. Qf3 Qd4+ 1/2-1/2

[Event "4NCL/Div1/3CS1 vs. BAR1"]
[Site "West Bromwich ENG"]
[Date "2004.05.03"]
[Round "9.4"]
[White "Collinson, Adam"]
[Black "Ashton, Adam G"]
[Result "1-0"]
[WhiteElo "2391"]
[BlackElo "2249"]
[PlyCount "99"]
[EventDate "2004.05.03"]

1. e4 e5 2. Nf3 Nc6 3. Bb5 a6 4. Bxc6 dxc6 5. O-O Bd6 6. d4 exd4 7. Qxd4 f6 8.
Be3 Ne7 9. Nbd2 Be6 10. Rad1 Ng6 11. Nc4 Bxc4 12. Qxc4 Qe7 13. Rfe1 O-O-O 14.
a4 Rhe8 15. Bd4 h5 16. Bc3 c5 17. b3 Ne5 18. Bxe5 Bxe5 19. Nh4 Rxd1 20. Rxd1
Bd6 21. f3 Qe5 22. g3 Qe6 23. Qxe6+ Rxe6 24. Nf5 Bf8 25. Ne3 b5 26. axb5 axb5
27. c4 c6 28. Kf2 g6 29. Ng2 Bd6 30. Nf4 Bxf4 31. gxf4 Kc7 32. Rg1 f5 33. Ke3
Kb6 34. Ra1 Re8 35. Ra2 fxe4 36. fxe4 Rd8 37. e5 Rd1 38. Rg2 Rb1 39. Rxg6 Rxb3+
40. Ke4 bxc4 41. e6 Rb1 42. Kf5 Re1 43. Kf6 c3 44. Rg2 Kc7 45. f5 Kd6 46. Rc2
Re3 47. Rc1 c4 48. e7 h4 49. Rd1+ Kc5 50. Kf7 1-0

[Event "4NCL/Div1/3CS1 vs. BAR1"]
[Site "West Bromwich ENG"]
[Date "2004.05.03"]
[Round "9.6"]
[White "Ferguson, Mark"]
[Black "Bentley, John L"]
[Result "1-0"]
[WhiteElo "2381"]
[BlackElo "2218"]
[PlyCount "79"]
[EventDate "2004.05.03"]

1. e4 c5 2. Nf3 g6 3. d4 cxd4 4. Qxd4 Nf6 5. Nc3 Nc6 6. Qa4 d6 7. e5 Ng4 8.
exd6 Bg7 9. Bb5 Qxd6 10. O-O O-O 11. h3 Nge5 12. Nxe5 Qxe5 13. Bxc6 bxc6 14.
Be3 Bf5 15. Rad1 Qc7 {(=)} 16. Bd4 e5 17. Bc5 Rfd8 18. Rxd8+ Rxd8 19. Rd1 Rxd1+
20. Nxd1 Be6 21. Ne3 f5 22. Nf1 e4 23. b3 a5 24. Bd4 Bxd4 25. Qxd4 c5 26. Qf6
Bf7 27. c4 a4 28. Ne3 axb3 29. axb3 Qb8 30. Qc3 Qd6 31. g3 Qb8 32. h4 Qd6 33.
h5 Qd4 34. Qa5 Kg7 35. Qc7 Kf6 36. h6 g5 37. Qc6+ Ke5 38. Qc8 Be6 39. Qc7+ Qd6
40. Qg7# 1-0

[Event "4NCL/Div1/3CS1 vs. BAR1"]
[Site "West Bromwich ENG"]
[Date "2004.05.03"]
[Round "9.7"]
[White "Longson, Alexander"]
[Black "Knott, Simon"]
[Result "1/2-1/2"]
[WhiteElo "2267"]
[BlackElo "2361"]
[PlyCount "99"]
[EventDate "2004.05.03"]

1. e4 e6 2. d4 d5 3. Nc3 Bb4 4. e5 c5 5. a3 Bxc3+ 6. bxc3 Nc6 7. Qg4 g6 8. Nf3
Qa5 9. Bd2 Qa4 10. Ra2 b6 11. Qf4 Ba6 12. dxc5 Qxf4 13. Bxf4 Bxf1 14. Rxf1 bxc5
15. Rb2 f6 16. exf6 Nxf6 17. Ne5 Nxe5 18. Bxe5 O-O 19. f3 Rf7 20. Ke2 Nd7 21.
Bg3 Rc8 22. Rb5 Rc6 23. Ra5 a6 24. Rb1 c4 25. Bf2 Rd6 26. Rb7 e5 27. Rb1 g5 28.
Rd1 Nf6 29. Rc5 Rfd7 30. a4 Kf7 31. Rc8 Rd8 32. Rxd8 Rxd8 33. Rb1 Ke6 34. a5
Nd7 35. Rb7 Ra8 36. Be3 h6 37. h4 Kd6 38. hxg5 hxg5 39. g4 Kc6 40. Rb1 Rh8 41.
Kf1 Rh2 42. Bf2 e4 43. fxe4 dxe4 44. Re1 Nc5 45. Bxc5 Kxc5 46. Rxe4 Rxc2 47.
Re5+ Kc6 48. Rxg5 Rxc3 49. Ke2 Rg3 50. Kd2 1/2-1/2

[Event "4NCL/Div1/3CS1 vs. BAR1"]
[Site "West Bromwich ENG"]
[Date "2004.05.03"]
[Round "9.8"]
[White "Lauterbach, Ingrid"]
[Black "Juanoobi, Ali"]
[Result "0-1"]
[WhiteElo "2171"]
[BlackElo "2264"]
[PlyCount "74"]
[EventDate "2004.05.03"]

1. Nf3 d5 2. g3 c5 3. Bg2 Nc6 4. d4 Bg4 5. c3 e6 6. O-O Nf6 7. Qa4 Qb6 8. Nbd2
Be7 9. dxc5 Bxc5 10. Nb3 Bd6 11. Be3 Qd8 12. Nbd4 Qd7 13. Nxc6 bxc6 14. c4 Rb8
15. c5 Bc7 16. Bd4 Bxf3 17. Bxf3 Rb5 18. e3 e5 19. Bc3 a5 20. Qa3 h5 21. h4 Qh3
22. Bg2 Qg4 23. b3 g5 24. Qb2 Nd7 25. f3 Qf5 26. e4 Qg6 27. exd5 cxd5 28. hxg5
Qxg5 29. Rae1 Qxg3 30. Bxe5 Nxe5 31. f4 f5 32. fxe5 Bxe5 33. Qd4 Ke7 34. Qxd5
Rd8 35. Qc6 Qh2+ 36. Kf2 Rd2+ 37. Re2 Qg3+ 0-1

[Event "4NCL/Div1/SLO1 vs. GUI1"]
[Site "West Bromwich ENG"]
[Date "2004.05.22"]
[Round "10.2"]
[White "Cherniaev, Alexander"]
[Black "McNab, Colin A"]
[Result "1-0"]
[WhiteElo "2480"]
[BlackElo "2422"]
[PlyCount "79"]
[EventDate "2004.05.22"]

1. d4 d6 2. c4 e5 3. Nf3 e4 4. Ng5 f5 5. Nc3 c6 6. d5 Be7 7. Nh3 Nf6 8. g3 Nbd7
9. Bg2 Ne5 10. b3 b5 11. cxb5 cxb5 12. Nf4 Rb8 13. O-O O-O 14. Be3 Qa5 15. Qd2
b4 16. Nd1 Rb5 17. Bd4 Nxd5 18. Nxd5 Rxd5 19. Ne3 Rb5 20. Rac1 Be6 21. f3 exf3
22. exf3 f4 23. gxf4 Ng6 24. f5 Bxf5 25. Nc4 Qd8 26. Bxa7 Nh4 27. Be3 Nxg2 28.
Kxg2 {(=)} 28... d5 29. Ne5 Bd6 30. Bd4 Bxe5 31. Bxe5 d4 32. Rfe1 Qd5 33. Rc7
Bd7 34. Re4 Qe6 35. Qg5 Rf6 36. Rg4 Rg6 37. Qd8+ Be8 38. Re7 Rxg4+ 39. fxg4
Qxg4+ 40. Bg3 1-0

[Event "4NCL/Div1/SLO1 vs. GUI1"]
[Site "West Bromwich ENG"]
[Date "2004.05.22"]
[Round "10.3"]
[White "Houska, Jovanka"]
[Black "Rowson, Jonathan"]
[Result "0-1"]
[WhiteElo "2390"]
[BlackElo "2547"]
[PlyCount "88"]
[EventDate "2004.05.22"]

1. e4 d6 2. d4 Nf6 3. Nc3 g6 4. Nf3 Bg7 5. Be2 O-O 6. O-O e6 7. Bf4 Nc6 8. Qd2
b6 9. Rad1 Bb7 10. Bh6 e5 11. Bxg7 Kxg7 12. dxe5 Nxe5 13. Nxe5 dxe5 14. Qg5 Qe7
15. Rd3 h6 16. Qh4 Rad8 17. Rfd1 c5 18. f3 Rd4 19. Qf2 a6 20. Nb1 b5 21. Rxd4
exd4 22. b4 cxb4 23. Qxd4 Rc8 24. Bd3 Rd8 25. Qb6 Bc8 26. Nd2 Nd7 27. Qc7 Qc5+
28. Qxc5 Nxc5 29. Nb3 Na4 30. Kf2 Be6 31. Ra1 f5 32. Ke3 Kf6 33. g3 g5 34. exf5
Bxf5 35. Bxf5 Kxf5 36. Nd4+ Kf6 37. Rb1 Nc3 38. Ra1 a5 39. a3 a4 40. axb4 Nd5+
41. Ke4 Nxb4 42. Rb1 Re8+ 43. Ne6 Rxe6+ 44. Kd4 Nxc2+ 0-1

[Event "4NCL/Div1/SLO1 vs. GUI1"]
[Site "West Bromwich ENG"]
[Date "2004.05.22"]
[Round "10.4"]
[White "King, Daniel J"]
[Black "Howell, David W L"]
[Result "1-0"]
[WhiteElo "2497"]
[BlackElo "2332"]
[PlyCount "71"]
[EventDate "2004.05.22"]

1. e4 e5 2. Nf3 Nc6 3. Bb5 a6 4. Ba4 Nf6 5. O-O Be7 6. Re1 b5 7. Bb3 O-O 8. a4
Bb7 9. d3 Re8 10. Bg5 h6 11. Bxf6 Bxf6 12. Nc3 Na5 13. Ba2 b4 14. Nd5 Bxd5 15.
Bxd5 c6 16. Ba2 d5 17. Nd2 Qd6 18. g3 Ra7 19. h4 Rd8 20. h5 Bg5 21. Nf3 Bf6 22.
d4 dxe4 23. Rxe4 exd4 24. Qe2 Re7 25. Rxe7 Qxe7 26. Qxa6 Qc5 27. Re1 d3 28.
cxd3 b3 29. Bb1 Qxh5 30. Ne5 Rd5 31. Qa8+ Kh7 32. d4+ g6 33. Qf8 Bxe5 34. Qxf7+
Bg7 35. Re7 Qd1+ 36. Kg2 1-0

[Event "4NCL/Div1/SLO1 vs. GUI1"]
[Site "West Bromwich ENG"]
[Date "2004.05.22"]
[Round "10.5"]
[White "Dearing, Eddie"]
[Black "Conquest, Stuart C"]
[Result "1-0"]
[WhiteElo "2378"]
[BlackElo "2524"]
[PlyCount "139"]
[EventDate "2004.05.22"]

1. d4 Nf6 2. c4 e6 3. Nc3 Bb4 4. Qc2 d6 5. a3 Bxc3+ 6. Qxc3 Nbd7 7. g3 O-O 8.
Bg2 Rb8 9. b4 b6 10. Nf3 Bb7 11. O-O Qe7 12. Bb2 Be4 13. Rfe1 c5 14. Bf1 {(=)}
14... cxd4 15. Qxd4 e5 16. Qe3 Ba8 17. Bh3 Rbd8 18. Qg5 Rfe8 19. Rad1 h6 20.
Qe3 Ne4 21. Bf5 Ndf6 22. h4 Qb7 23. Rd3 Nxg3 24. fxg3 e4 25. Bxf6 exf3 26. Qxf3
Qxf3 27. Rxf3 gxf6 28. Rc3 d5 29. cxd5 Rxd5 30. Bd3 a5 31. Rec1 Kg7 32. Rc4 f5
33. Rf4 Re3 34. Kf2 Re7 35. Rxf5 Rxf5+ 36. Bxf5 axb4 37. axb4 Bd5 38. Bd3 Re6
39. g4 Re7 40. Ra1 Re6 41. Ra7 Kf6 42. Rd7 Bc6 43. Rc7 Rd6 44. Ke3 Bd7 45. Rc4
Kg7 46. Rf4 Re6+ 47. Be4 Re8 48. Kd4 Be6 49. Bf3 Rd8+ 50. Ke3 Rd1 51. Rd4 Rb1
52. Be4 Rb3+ 53. Bd3 Kf6 54. Kf4 Rb2 55. g5+ hxg5+ 56. hxg5+ Ke7 57. Ke5 Bh3
58. Kd5 Bg2+ 59. Ke5 Bf1 60. Re4 Bg2 61. Rc4 Bh3 62. Rc7+ Ke8 63. b5 Rb4 64.
Bc4 Rb2 65. Kf6 Bd7 66. Rb7 Kd8 67. Kxf7 Rb4 68. Bd3 Bxb5 69. Bxb5 Rxb5 70. g6
1-0

[Event "4NCL/Div1/SLO1 vs. GUI1"]
[Site "West Bromwich ENG"]
[Date "2004.05.22"]
[Round "10.6"]
[White "Flear, Glenn C"]
[Black "Devereaux, Maxim"]
[Result "0-1"]
[WhiteElo "2489"]
[BlackElo "2325"]
[PlyCount "66"]
[EventDate "2004.05.22"]

1. d4 Nf6 2. c4 e6 3. Nc3 Bb4 4. Nf3 c5 5. g3 Nc6 6. Bg2 Ne4 7. Bd2 Nxd2 8.
Qxd2 cxd4 9. Nxd4 O-O 10. Nc2 Be7 11. O-O d6 12. Rfd1 Qb6 13. Rac1 Rd8 14. b3
Bd7 15. Ne4 Be8 16. Qf4 Nb4 17. Nxb4 Qxb4 18. c5 dxc5 19. Qc7 c4 20. bxc4 Rac8
21. Rxd8 Rxc7 22. Rxe8+ Bf8 23. Rd1 g6 24. h4 Kg7 25. Rdd8 Be7 26. Rg8+ Kh6 27.
g4 Rxc4 28. g5+ Kh5 29. Rd7 Qe1+ 30. Kh2 Rxe4 31. Bxe4 Qxf2+ 32. Bg2 Bc5 33.
Rd3 Be3 $138 0-1

[Event "4NCL/Div1/SLO1 vs. GUI1"]
[Site "West Bromwich ENG"]
[Date "2004.05.22"]
[Round "10.7"]
[White "Smith, Andrew P"]
[Black "Gormally, Daniel W"]
[Result "1/2-1/2"]
[WhiteElo "2202"]
[BlackElo "2471"]
[PlyCount "38"]
[EventDate "2004.05.22"]

1. e4 e5 2. d4 exd4 3. Qxd4 Nc6 4. Qe3 Nf6 5. Nc3 Nb4 6. Qe2 d6 7. Bf4 Be7 8.
O-O-O O-O 9. e5 Ne8 10. a3 Nc6 11. Nf3 Bg4 12. h3 Bxf3 13. Qxf3 Bg5 14. exd6
Nxd6 15. Ne4 Bxf4+ 16. Qxf4 Re8 17. Nxd6 cxd6 18. Bc4 Ne5 19. Bb3 Qc7 1/2-1/2

[Event "4NCL/Div1/BAR1 vs. BET"]
[Site "West Bromwich ENG"]
[Date "2004.05.22"]
[Round "10.1"]
[White "Parker, Jonathan"]
[Black "Ledger, Andrew J"]
[Result "1/2-1/2"]
[WhiteElo "2541"]
[BlackElo "2443"]
[PlyCount "62"]
[EventDate "2004.05.22"]

1. d4 d5 2. c4 c6 3. Nf3 Nf6 4. e3 Bg4 5. Nc3 e6 6. h3 Bxf3 7. Qxf3 Bb4 8. Bd3
O-O 9. O-O Nbd7 10. Rd1 Qe7 11. a3 Bd6 12. c5 Bc7 13. e4 dxe4 14. Nxe4 Nxe4 15.
Bxe4 Qh4 16. b4 Nf6 17. Bc2 a6 18. Bb2 Nd5 19. Bd3 Qf4 20. Qxf4 Bxf4 21. h4 g6
22. h5 Rfd8 23. g3 {(=)} 23... Bh6 24. Kg2 Bg7 25. Be2 Rd7 26. hxg6 hxg6 27.
Rd3 Rad8 28. Rad1 Ne7 29. Bg4 Rd5 30. Bf3 R5d7 31. Bg4 Rd5 1/2-1/2

[Event "4NCL/Div1/BAR1 vs. BET"]
[Site "West Bromwich ENG"]
[Date "2004.05.22"]
[Round "10.2"]
[White "Williams, Simon K"]
[Black "Kelly, Brian"]
[Result "1-0"]
[WhiteElo "2411"]
[BlackElo "2499"]
[PlyCount "99"]
[EventDate "2004.05.22"]

1. e4 e6 2. d4 d5 3. Nc3 Bb4 4. e5 Ne7 5. a3 Bxc3+ 6. bxc3 b6 7. Qg4 Ng6 8. h4
h5 9. Qg3 Ba6 10. Ne2 Qd7 11. a4 Nc6 12. Nf4 Bxf1 13. Nxg6 fxg6 14. Qxg6+ Qf7
15. Qxf7+ Kxf7 16. Rxf1 Na5 17. Ke2 Nc4 18. Be3 a5 19. Rg1 Rab8 20. g4 b5 21.
axb5 Rxb5 22. gxh5 Rxh5 23. Rg4 Rb8 24. Bc1 Rbh8 25. Bg5 R5h7 26. Rf4+ Ke8 27.
Rb1 Nb6 28. Rb5 a4 29. Ra5 Rf8 30. Rxf8+ Kxf8 31. Kf3 Ke8 32. Kg4 Rh8 33. Ra7
Kd7 34. Bc1 Ra8 35. Rxa8 Nxa8 36. Kg5 Ke7 37. Kg6 Kf8 38. Ba3+ Kg8 39. f4 c6
40. f5 exf5 41. Kxf5 Kf7 42. e6+ Ke8 43. Kg6 Nc7 44. Kxg7 Nxe6+ 45. Kf6 Nf4 46.
Bd6 Nh5+ 47. Kg5 Kd7 48. Bb4 Ng3 49. h5 Ke6 50. Kg6 1-0